Statistics for Car Brands with Images

Click here to take the quiz!

General Stats

  • This quiz has been taken 56 times
  • The average score is 14 of 16

Answer Stats

Answer% Correct
Tesla
100%
Toyota
98%
Chevrolet
96%
Volkswagen
96%
Audi
94%
BMW
94%
Mercedes Benz
94%
Ferrari
90%
Bentley
88%
Lamborghini
88%
Porsche
88%
Rolls-Royce
88%
Fiat
76%
Skoda
75%
Aston Martin
67%
Mini Cooper
67%

Score Distribution

Percentile by Number Answered

Percent of People with Each Score

Your Score History

You have not taken this quiz